000 00498nam a2200205Ia 4500
001 13549
003 GE_BSU
008 181216s||||||||xx |||||||||||||| ||und||
040 _cGE_BSU
080 _a94(410)
100 _aGillingham,John
245 4 _aThe Life and Times of Richard I
245 _cIntroduction by Antonia Fraser
260 _aLondon
260 _bBook club Associates
260 _c1973
300 _a224p.ill.26cm.
653 _aThe Life and Times of Richard I
942 _cBK
999 _c46705
_d46705